00422nam a2200193Ia 4500003000900000008004100009040001300050040001300063041000800076100002200084245003900106250001200145260001200157260000900169300001100178300001200189490002100201490000600222IT-RoPAU120407s9999 xx 000 0 und d aIT-RoPAU cIT-RoPAU aita aSeverino Emanuele aTéchne. Le radici della violenza aMilano  aRusconi c1979 a379 p. c18,5 cm aProblemi attuali v1